Top 100 Arizona Cardinals of All Time - Statistics

General Stats
  • This quiz has been taken 29 times
  • The average score is 18 of 100
Answer Stats
Position Player % Correct
WR Larry Fitzgerald
100%
QB Kurt Warner
81%
QB Carson Palmer
73%
TE Jackie Smith
73%
WR J.T. Smith
73%
G Lance Smith
73%
DB Leonard Smith
73%
CB Patrick Peterson
73%
RB David Johnson
65%
QB Charley Johnson
62%
S Adrian Wilson
58%
WR Anquan Boldin
58%
LB Chandler Jones
58%
S Larry Wilson
58%
CB Aeneas Williams
54%
QB Jim Hart
50%
DE Al "Bubba" Baker
38%
DL Calais Campbell
35%
QB Jake Plummer
35%
OT Dan Dierdorf
31%
QB Neil Lomax
31%
S Pat Tillman
31%
DT Darnell Dockett
27%
RB Ottis Anderson
27%
LB Karlos Dansby
23%
WR Roy Green
23%
DB Dick "Night Train" Lane
19%
RB MacArthur Lane
19%
S Tyrann Mathieu
19%
S Antrel Rolle
15%
G Conrad Dobler
15%
CB Dominique Rodgers-Cromartie
15%
DE/LB Freddie Joe Nunn
15%
OG Ken Gray
15%
WR Mel Gray
15%
P Rich Camarillo
15%
HB/QB Charley Trippi
12%
OT Duke Slater
12%
K Jim Bakken
12%
FB Larry Centers
12%
G/T Leonard Davis
12%
OG Reggie Wells
12%
WR Rob Moore
12%
CB Roger Wehrli
12%
DE Simeon Rice
12%
RB/ST Terry Metcalf
12%
C/G Tom Banks
12%
OT Tootie Robbins
12%
LB Eric Hill
8%
CB Jimmy Hill
8%
HB John David Crow
8%
C Lyle Sendlein
8%
K Neil Rackers
8%
HB Ollie Matson
8%
RB/ST Vai Sikahema
8%
DE Bertrand Berry
4%
CB Cedrick Mack
4%
DE Curtis Greer
4%
LB Dale Meinert
4%
DT Eric Swann
4%
FB Ernie Nevers
4%
WR Frank Sanders
4%
G Irv Goode
4%
FB Jim Otis
4%
LB Ken Harvey
4%
LB Larry Stallings
4%
OT Luis Sharpe
4%
LB Mark Arneson
4%
HB/DB Marshall Goldberg
4%
CB Pat Fischer
4%
WR Pat Tilley
4%
QB Paul Christman
4%
FB/ST Ron Wolfley
4%
WR Sonny Randle
4%
LB Bill Koman
0%
WR Bobby Joe Conrad
0%
C Bob DeMarco
0%
OT Bob Reynolds
0%
DT Bob Rowe
0%
G Bob Young
0%
DT Chuck Walker
0%
LB Daryl Washington
0%
DL David Galloway
0%
G/C Derek Kennard
0%
LB E.J. Junior
0%
RB Elmer Angsman
0%
OT Ernie McMillan
0%
LB Jamir Miller
0%
TE Jay Novacek
0%
G/T Joe Bostic
0%
RB Johnny Roland
0%
S Kwamie Lassiter
0%
DB Lonnie Young
0%
DE Michael Bankston
0%
QB Paddy Driscoll
0%
FB/K Pat Harder
0%
LB Ronald McKinnon
0%
LB Stan Mauldin
0%
RB Stump Mitchell
0%
S Tim McDonald
0%
No matching quizzes found
Score Distribution
Percent of People with Each Score
Percentile by Number Answered
Your Score History
You have not taken this quiz